Főgyűjtő csatorna Móravároson, fedett uszoda Újszegeden
Elmentve itt :
| Szerző: | |
|---|---|
| Dokumentumtípus: | Cikk |
| Megjelent: |
1967-10-15
|
| Sorozat: | Délmagyarország
57 No. 244 |
| Kulcsszavak: | Csatornaépítés Szeged 1967, Uszoda Újszeged 1967 |
| Online Access: | http://dmarchiv.bibl.u-szeged.hu/64179 |
| LEADER | 00521nab a2200157 i 4500 | ||
|---|---|---|---|
| 001 | delm64179 | ||
| 005 | 20180927151314.0 | ||
| 008 | 180927s1967 hu o 0|| hun d | ||
| 040 | |a SZTE Délmagyarország Archívum |b hun | ||
| 041 | |a hun | ||
| 100 | 1 | |a Gazdagh István | |
| 245 | 1 | 0 | |a Főgyűjtő csatorna Móravároson, fedett uszoda Újszegeden |h [elektronikus dokumentum] / |c Gazdagh István |
| 260 | |c 1967-10-15 | ||
| 300 | |a 3 | ||
| 490 | 0 | |a Délmagyarország |v 57 No. 244 | |
| 695 | |a Csatornaépítés Szeged 1967, Uszoda Újszeged 1967 | ||